000 00594 a2200193 4500
001 63226
005 20260407155928.0
008 260407a1970 arg spa d
003 AR-UNSa-BCEJYS
040 _aAR-UNSa-BCEJYS
_bspa
_cAR-UNSa-BCEJYS
080 _a510.5
_xAlgoritmos y funciones computables
245 1 0 _aLógica y algoritmos
_pCon aplicaciones a las ciencias de la computación e información
264 1 _aMéxico :
_bLimusa-Wiley
_c1970
300 _a222 p.
_c23 cm.
041 _aspa
942 _cBK
590 _aniveau_biblio:m niveau_hierar:0
100 1 _aKorfhage, Robert R.
999 _c8060
_d8060